00000000nam 2200000za 4500
0019.846729
003CaOODSP
00520241127153351
007cr |||||||||||
008171107s1957    oncd    os   f000 0 fre d
040 |aCaOODSP|bfre
043 |an-cn---
0861 |aCS82-511/1957F-PDF
24503|aLa fréquence de la maladie selon les classes de maladies, l’âge et le sexe (estimations nationales) |h[ressource électronique] / |crédigé en collaboration par le Bureau fédéral de la statistique et le Ministère de la santé nationale et du bien-être social.
260 |aOttawa : |bEdmond Cloutier, Imprimeur de la Reine, |c1957.
300 |a39 p. : |bgraph.
4900 |aEnquête sur la maladie au Canada, 1950-1951 ; |vn° 11
500 |aPubl. aussi en anglais sous le titre : Illness frequency by class of illness, age and sex (national estimates).
500 |aTitre de la couv.
500 |a« Juillet 1957. »
500 |aNombreux tableaux.
500 |aÉdition numérisée de l'imprimé [par Statistique Canada].
520 |a« Le présent bulletin, le onzième, fait partie d'une série de publications provisoires sur l'enquête sur la maladie au Canada. Les quatre premiers rapports traitaient des dépenses familiales relativement aux services de santé, les trois suivants, du volume de la maladie sous divers aspects, et deux autres, du volume de soins de santé. Le bulletin précédent (n° 10) intéressait la fréquence de la maladie pour diverses classes de maladies selon les groupes de diagnostics et le sexe. Le présent rapport traite aussi de la fréquence pour les classes de maladies, mais selon l'âge et le sexe. Le bulletin ne présente pas séparément les données relatives aux maladies incapacitantes, mais les suivants pourront peut-être le faire »--But, p. [5]-6.
530 |aÉgalement publ. en version imprimée.
69207|2gccst|aSanté
69207|2gccst|aStatistiques
7101 |aCanada. |bBureau fédéral de la statistique.
7101 |aCanada. |bMinistère de la santé nationale et du bien-être social.
77508|tIllness frequency by class of illness, age and sex (national estimates) |w(CaOODSP)9.846725
85640|qPDF|s1.66 Mo|uhttps://publications.gc.ca/collections/collection_2017/statcan/CS82-511-1957-fra.pdf
986 |a82-511F